| 000 | 00849cam a2200241 4500 | ||
|---|---|---|---|
| 001 | WB3628-25 | ||
| 008 | 000000n2000 000 0 eng u | ||
| 035 | _a(Sirsi) u107217 | ||
| 245 | _aSuperquarry delay | ||
| 260 | _c2000 | ||
| 490 |
_aHerald _v14 July 2000, 10(1) |
||
| 520 | _aThe inquiry into the controversial superquarry on the Isle of Harris has been delayed further following a request by the EC for the UK govenment to propose more sites for consideration for the designation of Special Area of Conservation (SAC). The application was lodged nine years ago. | ||
| 590 | _aWB | ||
| 650 | _aSUPERQUARRIES | ||
| 650 | _aPLANNING PERMISSION | ||
| 650 | _aQUARRYING | ||
| 650 | _aSCOTLAND | ||
| 650 | _aCONSERVATION | ||
| 650 | _aSPECIAL AREA OF CONSERVATION | ||
| 650 | _aSAC | ||
| 690 | _aMINING AND MINERALS | ||
| 942 | _n0 | ||
| 999 |
_c64100 _d64100 |
||